Integrativer Rückschritt mit Tücken-Überlegungen zu einem Vorschlag von James Tobin.
Tobinova myšlienka dane z devíz pri hlbšej analýze stráca veľa zo svojej elegancie. Prehľad najdôležitejších komplikácií, ktoré môžu vzniknúť pri jej realizácii. Napriek tomu však má táto myšlienka niektoré iné dôležité dôsledky.
Gespeichert in:
| 1. Verfasser: | |
|---|---|
| Format: | Buchkapitel |
| Sprache: | Deutsch |
| Schlagworte: | |
| Tags: |
Keine Tags, Fügen Sie das erste Tag hinzu!
|
MARC
| LEADER | 00000naa a2200000 4500 | ||
|---|---|---|---|
| 001 | r008961 | ||
| 005 | 20221130113026.4 | ||
| 041 | 0 | |a ger | |
| 044 | |a DE | ||
| 245 | 1 | 0 | |a Integrativer Rückschritt mit Tücken-Überlegungen zu einem Vorschlag von James Tobin. |c U. Schempp |
| 520 | |a Tobinova myšlienka dane z devíz pri hlbšej analýze stráca veľa zo svojej elegancie. Prehľad najdôležitejších komplikácií, ktoré môžu vzniknúť pri jej realizácii. Napriek tomu však má táto myšlienka niektoré iné dôležité dôsledky. | ||
| 610 | 2 | 0 | |a Tobin, J. |
| 610 | 2 | 0 | |a teórie ekonomické |
| 610 | 2 | 0 | |a dane |
| 610 | 2 | 0 | |a devízy |
| 610 | 2 | 0 | |a analýza ekonomická |
| 100 | 1 | |a Schempp, U. | |